| 000 | 03001nam0a22004691 4500 | ||
|---|---|---|---|
| 001 | RU\NLR\A1DV\32849 | ||
| 005 | 20251203152403.2 | ||
| 035 | _a(NLR Aleph) 010777848 | ||
| 090 |
_a10052105 _c10052105 |
||
| 100 | _a20061205d1807 u y0rusy50 ca | ||
| 101 | 2 |
_arus _alat _glat |
|
| 102 | _aRU | ||
| 135 | _acrcn 024anaba | ||
| 140 | _ay y ff yaa0000 | ||
| 200 | 1 |
_aPrima latini sermonis rudimenta. _eIn usum tironum _dНовая латинская азбука. _eС приобщением краткаго словаря утребительнейших вещей, начертания этимологии и простейших разговоров. _fСочинение и собрание Платона Регана. _zrus |
|
| 210 |
_aВ Санктпетербурге _cв типографии Ив. Глазунова _d1807 |
||
| 215 |
_a77, [1] с. _d8° (21 см) |
||
| 300 | _aЦенз.: СПб. ценз. ком. | ||
| 316 |
_aЭкз. РНБ (18.97.2.123) мрамор. бумаж. обл. На 1-й с. обл. ярлык с шифром РНБ и техн. штампом. На 2-й с. обл. ярлык с шифром РНБ. На тит. л., с.33 и 76 круглый штамп ГПБ _5NLR: 18.97.2.123 |
||
| 317 |
_aВ экз. РНБ (18.97.2.123) на 2-й с. обл. рукоп. надпись: Stepanus Socolov 1827го _5NLR: 18.97.2.123 |
||
| 321 | 1 | _aСК 1801-1825 7407 | |
| 325 | 1 | _aКопия доступна в электронной библиотеке РНБ | |
| 510 | 1 |
_aНовая латинская азбука. _eС приобщением краткаго словаря утребительнейших вещей, начертания этимологии и простейших разговоров. _zrus |
|
| 620 | _dСанкт-Петербург | ||
| 700 | 1 |
_aРеган _bП. _gПлатон _4070 |
|
| 702 | 1 |
_4610 _7ca _8rus _aГлазунов _bИ. П. _f1762-1831 _gИван Петрович _9170958 _3RU\NLR\AUTH\770171008 |
|
| 702 | 1 |
_6z790 _aСоколов _bС. _gСтепан _4390 |
|
| 712 | 0 | 0 |
_4610 _aГлазунов, _cПетербург _gИван Петрович, _hтипография _9711198 _3RU\NLR\AUTH\880524858 |
| 790 | 1 |
_6z702 _aSocolov _bS. _gStepanus |
|
| 801 | 0 |
_aRU _bNLR _c20061205 |
|
| 852 |
_aNLR _j18.97.2.123 |
||
| 856 | 0 | _uhttp://vivaldi.nlr.ru/bx000015812/view | |
| 856 | 1 | _uhttp://vivaldi.nlr.ru/bx000015812/cover | |
| 856 | 2 | _uhttp://vivaldi.nlr.ru/bx000015812/text | |
| 901 | _eКнижные издания | ||
| 942 | _cBOOK | ||
| 980 | _aNB | ||
| 980 | _aA1DV | ||
| 981 | 2 | 2 |
_a(22) Материалы по истории России _b(22) История России до 25 октября (7 ноября) 1917 года _bКультура. Наука. Просвещение. |
| 981 | 2 | 0 |
_a(20) Книжные памятники РНБ _b(20) Русский книжный фонд |